Sacramento Kings Head Coaches by Picture - Statistics

General Stats
  • This quiz has been taken 17 times
    4 since last reset
  • The average score is 6 of 29
Answer Stats
Picture Hint Answer % Correct
2024-Present Doug Christie
100%
2019-2021 Luke Walton
100%
2022-2024 Mike Brown
100%
2015-2016 George Karl
75%
2021-2022 Alvin Gentry
50%
2013-2014 Michael Malone
50%
1978-1984 Cotton Fitzsimmons
25%
2016-2019 Dave Joerger
25%
1973-1978 | 1984-1987 Phil Johnson
25%
1998-2006 Rick Adelman
25%
2014-2015 Tyrone Corbin
25%
1955-1958 Bobby Wanzer
0%
1969-1973 Bob Cousy
0%
1960-1963 Charles Wolf
0%
1990-1991 Dick Motta
0%
1997-1998 Eddie Jordan
0%
1967-1969 Ed Jucker
0%
2006-2007 Eric Musselman
0%
1992-1997 Garry St. Jean
0%
1984 Jack McKinney
0%
1963-1967 Jack McMahon
0%
1987 | 1988-1990 Jerry Reynolds
0%
2012-2013 Keith Smart
0%
2008-2009 Kenny Natt
0%
1948-1955 Les Harrison
0%
2009-2012 Paul Westphal
0%
2007-2008 Reggie Theus
0%
1991-1992 Rex Hughes
0%
1958-1960 Tom Marshall
0%
No matching quizzes found
Score Distribution
Percent of People with Each Score
Percentile by Number Answered
Your Score History
You have not taken this quiz since the last reset